000 00303nam a22001337a 4500
008 170914b xxu||||| |||| 00| 0 eng d
020 _a9781559707695
041 _aeng
080 _a7
100 _a44
101 _aART
245 _aMY LOVE AFFAIR WITH MODERN ART
_cKUH.K
942 _2udc
_cBK
999 _c27601
_d27601